| 000 -LEADER |
| fixed length control field |
01105nam a22002297a 4500 |
| 005 - DATE AND TIME OF LATEST TRANSACTION |
| control field |
20240325150608.0 |
| 008 - FIXED-LENGTH DATA ELEMENTS--GENERAL INFORMATION |
| fixed length control field |
240325c2014 ge ||||| |||| 00| 0 geo d |
| 041 ## - LANGUAGE CODE |
| Language code of text/sound track or separate title |
geo |
| 245 ## - TITLE STATEMENT |
| Title |
მატიანე : |
| Remainder of title |
ვანის რაიონის ძველი, ახალი და უახლესი ისტორიის, ეთნოგრაფიის და ფოლკლორის კვლევის ცენტრის კრებული / |
| Statement of responsibility, etc. |
რედაქტორი ომარ კაპანაძე. |
| 260 ## - PUBLICATION, DISTRIBUTION, ETC. |
| Place of publication, distribution, etc. |
ვანი, |
| Date of publication, distribution, etc. |
2014- |
| 300 ## - PHYSICAL DESCRIPTION |
| Extent |
. |
| 653 ## - INDEX TERM--UNCONTROLLED |
| Uncontrolled term |
მატიანე |
| 653 ## - INDEX TERM--UNCONTROLLED |
| Uncontrolled term |
ვანი |
| 653 ## - INDEX TERM--UNCONTROLLED |
| Uncontrolled term |
პერიოდიკა |
| 653 ## - INDEX TERM--UNCONTROLLED |
| Uncontrolled term |
ისტორია |
| 653 ## - INDEX TERM--UNCONTROLLED |
| Uncontrolled term |
არქეოლოგია |
| 653 ## - INDEX TERM--UNCONTROLLED |
| Uncontrolled term |
ეთნოგრაფია |
| 653 ## - INDEX TERM--UNCONTROLLED |
| Uncontrolled term |
ფოლკლორი |
| 700 ## - ADDED ENTRY--PERSONAL NAME |
| Personal name |
კაპანაძე, ომარ |
| Relator term |
რედაქტორი |
| 9 (RLIN) |
21569 |
| 856 ## - ELECTRONIC LOCATION AND ACCESS |
| Uniform Resource Identifier |
https://dspace.nplg.gov.ge/bitstream/1234/345538/1/Matiane_2014_N1.pdf |
| Link text |
ელ. ვერსია. pdf |
| 942 ## - ADDED ENTRY ELEMENTS (KOHA) |
| Source of classification or shelving scheme |
|
| Koha item type |
პერიოდიკა |